Catálogo

Fundamentos de la ciencia e ingeniería de los materiales / (Registro nro. 27038)

Detalles MARC
000 -LEADER
fixed length control field 01711cam a2200361 i 4500
001 - CONTROL NUMBER
control field 27038
003 - CONTROL NUMBER IDENTIFIER
control field Mx-PuUPA
005 - DATE AND TIME OF LATEST TRANSACTION
control field 20260521133335.0
008 - FIXED-LENGTH DATA ELEMENTS--GENERAL INFORMATION
fixed length control field 140415s2023 mx ad gr 000 0 spa d
020 ## - INTERNATIONAL STANDARD BOOK NUMBER
International Standard Book Number 9786071520241
040 ## - CATALOGING SOURCE
Transcribing agency Mx-PuUPA
Original cataloging agency Mx-PuUPA
Language of cataloging spa
Modifying agency Mx-PuUPA
Description conventions rda
041 1# - LANGUAGE CODE
Language code of text/sound track or separate title spa
Language code of original eng
100 1# - MAIN ENTRY--PERSONAL NAME
Personal name Smith, William F.,
Dates associated with a name 1931-
Fuller form of name (William Fortune),
Relator term autor
9 (RLIN) 4711
240 10 - UNIFORM TITLE
Uniform title Foundations of materials science and engineering.
Language of a work Español
245 10 - TITLE STATEMENT
Title Fundamentos de la ciencia e ingeniería de los materiales /
Statement of responsibility, etc. Wiliiam F. Smith, Javad Hashemi ; traducción, Jesús Elmer Murrieta Murrieta
250 ## - EDITION STATEMENT
Edition statement Cuarta edición
264 #1 - PRODUCTION, PUBLICATION, DISTRIBUTION, MANUFACTURE, AND COPYRIGHT NOTICE
Place of production, publication, distribution, manufacture Ciudad de México :
Name of producer, publisher, distributor, manufacturer McGraw-Hill Interamericana Editores,
Date of production, publication, distribution, manufacture, or copyright notice ©2023
300 ## - PHYSICAL DESCRIPTION
Extent xvi, 916 páginas :
Other physical details ilustraciones, gráficas, diagramas, tablas,
Dimensions 27 cm
336 ## - CONTENT TYPE
Fuente rdacontent
Content type term texto
Content type code txt
337 ## - MEDIA TYPE
Source rdamedia
Media type term sin medio
Media type code n
338 ## - CARRIER TYPE
Source rdacarrier
Carrier type term volumen
Carrier type code nc
650 #7 - SUBJECT ADDED ENTRY--TOPICAL TERM
Source of heading or term armarc
Topical term or geographic name entry element Materiales
650 #7 - SUBJECT ADDED ENTRY--TOPICAL TERM
Source of heading or term armarc
Topical term or geographic name entry element Ciencia de los materiales
700 1# - ADDED ENTRY--PERSONAL NAME
Personal name Smith, Wiliiam F.,
Relator term autor
700 1# - ADDED ENTRY--PERSONAL NAME
Personal name Hashemi, Javad,
Relator term autor
700 1# - ADDED ENTRY--PERSONAL NAME
Personal name Murrieta Murrieta, Jesús Elmer,
Relator term traductor
765 0# - ORIGINAL LANGUAGE ENTRY
Main entry heading Smith, William F., 1931- (William Fortune),
Title Foundations of materials science and engineering.
Edition Séptima edición
Place, publisher, and date of publication [Lugar de publicación no identificado] : McGraw Hill, ©2023
International Standard Book Number 9781260721492
942 ## - ADDED ENTRY ELEMENTS (KOHA)
Source of classification or shelving scheme Dewey Decimal Classification
Koha item type Libro
Classification part 620.11
Item part S63
Existencias
Withdrawn status Lost status Source of classification or shelving scheme Damaged status Not for loan Collection code Home library Current library Shelving location Date acquired Source of acquisition Cost, normal purchase price Total Checkouts Full call number Barcode Date last seen Cost, replacement price Price effective from Koha item type Copy number
    Dewey Decimal Classification     General Biblioteca Karol Wojtyla Biblioteca Karol Wojtyla Sala general 18/05/2026 1 761.00   620.11 S6318 2023 106576 18/05/2026 761.00 18/05/2026 Libro  
    Dewey Decimal Classification     General Biblioteca Karol Wojtyla Biblioteca Karol Wojtyla Sala general 18/05/2026 1 761.00   620.11 S6318 2023 106633 18/05/2026 761.00 18/05/2026 Libro Ej.2